000
00340pab a2200145 454500
008
180718b1997 xxu||||| |||| 00| 0 eng d
100
_a
Wasir, Harbans S.
245
_a
Environmental pollution and heart disease
260
_c
1997
300
_a
p.113-15,121
362
_a
Aug
650
_a
Pollution
773
_a
Yojana
909
_a
35155
999
_c
35155
_d
35155